| 000 | 02067nam a22002777a 4500 | ||
|---|---|---|---|
| 999 |
_c63348 _d63348 |
||
| 003 | Ge_BSU | ||
| 005 | 20250923195225.0 | ||
| 008 | 250923s2025 ge ||||| |||| 00| 0 geo d | ||
| 020 | _a9789941996306 | ||
| 041 | _ageo | ||
| 080 | _a93(479.22) მ-42 | ||
| 100 |
_aმაცაბერიძე, მალხაზ _925855 |
||
| 245 |
_aივანე ჯავახიშვილის საზოგადოებრივ-პოლიტიკური და სამეცნიერო მოღვაწეობა საქართველოს დემოკრატიული რესპუბლიკის (1918-1921) პერიოდში : _bმონოგრაფია / _cმალხაზ მაცაბერიძე, დავით სართანია, თამარ ორჯონიკიძე; რედ.: სტივენ ჯონსი; დიზაინერი დალი ჯვარშეიშვილი; ივანე ჯავახიშვილის სახელობის თბილისის სახელმწიფო უნივერსიტეტი. |
||
| 264 |
_aთბილისი : _bთსუ, _c2025. |
||
| 300 |
_a408 გვ.; _b29 სმ. |
||
| 504 | _aბიბლიოგრ.გვ. 402-404 | ||
| 520 | _aრეზიუმე გვ. 406-408 | ||
| 653 | _aისტორია | ||
| 653 | _aივანე ჯავახიშვილი | ||
| 700 |
_a სართანია, დავით _eავტორი _925856 |
||
| 700 |
_aორჯონიკიძე, თამარ _eავტორი _925857 |
||
| 700 |
_aჯონსი, სტივენ _eრედაქტორი _925858 |
||
| 700 |
_aჯვარშეიშვილი, დალი _eდიზაინერი _925859 |
||
| 710 |
_aივანე ჯავახიშვილის სახელობის თბილისის სახელმწიფო უნივერსიტეტი. _925860 |
||
| 942 |
_2udc _cᲬᲘᲒᲜᲘ |
||